000
00289nam a22001337a 4500
008
210322b ||||| |||| 00| 0 eng d
041
_a
eng
080
_a
82
082
_a
82
100
_a
21
101
_a
GJL
245
_a
The Ways of Language a Reader
_c
Pflug, R. J
942
_2
udc
_c
BK
999
_c
56636
_d
56636